[Event "Bad Homburg"]
[Site "Bad Homburg"]
[Date "1997.07.26"]
[Round "1"]
[White "Svidler, Peter"]
[Black "Sutovsky, Emil"]
[Result "1/2-1/2"]
[WhiteElo "2660"]
[BlackElo "2590"]
[PlyCount "32"]
[EventDate "1997.07.26"]
[EventType "tourn"]
[EventRounds "9"]
[EventCountry "GER"]
[EventCategory "14"]
[SourceTitle "CBM 060"]
[Source "ChessBase"]
[SourceDate "1997.09.29"]
[SourceVersion "1"]
[SourceVersionDate "1997.09.29"]
[SourceQuality "1"]

1. e4 c5 2. Nf3 d6 3. d4 cxd4 4. Nxd4 Nf6 5. Nc3 a6 6. Be3 Ng4 7. Bg5 h6 8. Bh4
g5 9. Bg3 Bg7 10. Qd2 Nc6 11. Nb3 b5 12. Be2 Nge5 13. O-O Nc4 14. Bxc4 bxc4 15.
Nc1 Rb8 16. Rb1 Qa5 1/2-1/2

[Event "Bad Homburg"]
[Site "Bad Homburg"]
[Date "1997.??.??"]
[Round "2"]
[White "Lutz, Christopher"]
[Black "Svidler, Peter"]
[Result "1-0"]
[WhiteElo "2590"]
[BlackElo "2660"]
[Annotator "Har Zvi,R"]
[PlyCount "63"]
[EventDate "1997.07.26"]
[EventType "tourn"]
[EventRounds "9"]
[EventCountry "GER"]
[EventCategory "14"]
[SourceTitle "CBM 060"]
[Source "ChessBase"]
[SourceDate "1997.09.29"]
[SourceVersion "1"]
[SourceVersionDate "1997.09.29"]
[SourceQuality "1"]

1. e4 {Lutz} g6 2. d4 Bg7 3. Nf3 d6 4. Be2 Nf6 5. Nc3 O-O 6. O-O c6 7. Re1 Nbd7
(7... b5) (7... Bg4) (7... Qc7 {Svidler,P-Hickel,J CBM 60}) 8. e5 {white's
second move in the position is Bf4} Ne8 (8... dxe5 9. dxe5 Ng4 10. e6 fxe6 11.
h3 (11. Bc4 Nde5 (11... Nb6 $1 12. Qxd8 Rxd8 13. Bxe6+ Bxe6 14. Rxe6 Bxc3 15.
bxc3 Rd1+ 16. Re1 Rxe1+ 17. Nxe1 $15 {Karpov,A}) 12. Qxd8 Rxd8 13. Nxe5 Bxe5 (
13... Nxe5 14. Bb3 Nf7 $11) 14. h3 (14. Ne4 $5) 14... Bxc3 15. bxc3 Nf6 16. Bh6
$44 {Benjamin,J-Piket,Je Groningen 1993 59/145 [Benjamin,J]}) 11... Ngf6 (11...
Nge5 12. Nxe5 Nxe5 13. Qxd8 Rxd8 14. Bf4 Nf7 15. Rad1 Rxd1 16. Rxd1 Bxc3 17.
bxc3 e5 18. Be3 Be6 19. a4 Nd6 20. a5 $44 {/=/+ Rozentalis,E-Azmaiparashvili,Z/
Lvov zt/1990/ CBM 18}) 12. Bc4 Nd5 13. Ne4 Ne5 14. Nxe5 Bxe5 15. Qe2 Qb6 16. c3
Bd7 17. Be3 $1 $14 {Karpov,A-Shirov,A/Linares 1995/ 63/101 [Karpov,A}) (8...
Nd5 $6 9. Nxd5 cxd5 10. exd6 exd6 {[%csl Rd5,Rd6]} 11. Bf4 Nf6 12. c3 Nh5 13.
Bg5 Qc7 14. Nd2 Nf6 15. Bf3 Be6 16. Bxf6 Bxf6 17. Qb3 Qc6 18. Nf1 $14 {/+/-
Mastrokoukos,G-Grivas,E Ano Liosia op 1995}) 9. Bf4 (9. h3 dxe5 10. dxe5 Nc7
11. Bf1 Ne6 12. a4 Qc7 13. Qe2 a5 14. b3 b6 15. Qe3 Ba6 16. Bxa6 Rxa6 17. Bb2
Raa8 $11 {Stohl,I-Gelfand,B/Dortmund/1990/}) 9... dxe5 10. dxe5 Nc7 11. Qc1 {
/\ Bh6} (11. Ne4 $6 Ne6 12. Bg3 {[%csl Rg3]} Qa5 {[%csl Re5]} 13. Qd2 $8 Qxd2
14. Nexd2 Rd8 15. Nc4 b6 16. a4 c5 $11 {Salov,V-Ivanchuk,V Tilburg 1994}) (11.
Qd2 $6 {Lutz} Ne6 12. Bh6 $2 Nxe5) 11... Nb6 (11... Nc5 12. Rd1 Qe8 13. Qe3 b6
14. Bh6 Bb7 15. Rd4 f6 16. Bc4+ N5e6 17. exf6 Rxf6 18. Bxg7 Kxg7 19. Re4 $18 {
Abramovic,B-Schussler,H/Palma GMA/1989/}) (11... Ne6 {Lutz} 12. Bh6 Qa5 13. Bf1
) 12. h3 {not allowing black to play Bg4 which frees black's position,black
main problem in the position is his the c8 bishop after h3 by white he has no
good place} (12. Bh6 $6 Bg4 $132 {>< d4, e5}) 12... Ne6 13. Bh6 $14 {white
seems to have a very pleasent position,he has some spacw advantage,and better
pieces} (13. Rd1 $6 {Lutz} Qc7 14. Bh6 Nd7 15. Bxg7 Kxg7 16. Qe3 Qb6 $11) 13...
Nd4 {it is not a bad idea to exchange pieces when your opponent has a space
advantage it is probably a good idea but the problem here becomes black's king}
(13... Nd5 14. Ne4) (13... f5 {Lutz} 14. exf6 exf6 $14) (13... Bd7 $14 {Lutz})
14. Nxd4 Qxd4 15. Bd3 $1 {taking the f5 square from black's bishop and
threatening Re4-Rh4 /\ Re4-h4} (15. Bxg7 $6 {Lutz} Kxg7 16. Bd3 Qh4 17. Re4 Qh6
$13) 15... Qd8 (15... Bxe5 16. Bxf8 (16. Re4 {Lutz} Qd6 17. Bxf8 Kxf8 18. Qh6+
Kg8 19. Rh4) 16... Bf4 (16... Kxf8 17. Re4 Qc5 18. Qh6+ $16 {/+-}) 17. Ne2 (17.
Qd1 Kxf8 18. Ne2) 17... Bxc1 18. Nxd4 Bxb2 19. Bh6 Bxd4 20. Rxe7 $16 {/+-}) (
15... f5 16. exf6 Bxh6 (16... exf6 $2 17. Bxg7 Kxg7 18. Re7+ Rf7 19. Rxf7+ Kxf7
20. Qh6 Kg8 21. Bxg6 $18) 17. Qxh6 Qxf6 18. Re2 $14 {[%csl Re7] /+/-}) 16. Re4
f5 (16... Bf5 17. Rh4 (17. Bxg7 Bxe4 18. Qh6 Bxd3 19. cxd3 f6 (19... Qxd3 $4
20. Bf6) (19... Re8 $2 20. Ne4 {[%cal Ge4f6,Ge4g5]}) 20. Bxf8 Qxf8 21. Qe3 $11)
17... e6 18. Bxg7 $1 (18. g3 Bxe5 19. Bxf8 Qxf8 20. Bxf5 exf5 $44 {[%csl Rh4]})
18... Qxh4 19. Bf6 g5 20. Bxg5 Qh5 21. g4 Bxg4 22. hxg4 Qxg4+ 23. Kh2 Qh5+ 24.
Kg3 $16 {/+-}) 17. exf6 {an interesting move,white could simply get the
advantage after 17.Rh4 but the move played in the game is very interesting
since white goes for the attack} (17. Rh4 $5 e6 (17... Bxe5 {Lutz}) 18. Bxg7
Qxh4 19. Bxf8 Kxf8 20. Qe3 $14 {[%csl Rc8] /+/-}) 17... exf6 18. Bxg7 Kxg7 19.
Rh4 (19. Qe3 {Lutz} Bd7 (19... Rf7 20. Re8) 20. Re1 Rf7 (20... Re8 21. Re7+ Kg8
(21... Rxe7 22. Qxe7+ Qxe7 23. Rxe7+ Kg8 24. Ne4 Rf8 25. Nd6 $18) 22. Qc5 Rxe7
23. Rxe7 Qf8 24. Ne4 $16) 21. a4 (21. Re7 $6 Qf8) 21... Qf8 (21... a5 22. Re7
$16) 22. a5 $16) 19... h5 (19... Qc7 20. Qh6+ Kg8 21. Bxg6 $18) 20. Ne2 {
[%cal Ge2f4] /\ Nf4} (20. Qe3 f5 21. Qg3 Kh6 22. Re1 Qg5 23. Qd6 Qf6 $14) (20.
Re4 Bf5 21. Re3 Bxd3 22. Rxd3 Qc7 $14) 20... Nd5 $8 (20... Be6 21. Nf4 Bf7 22.
Bxg6 $18) (20... f5 $5 {Lutz >< Bd3, >< Rh4} 21. Qf4 (21. Rd4 Qf6 22. Qf4 $14)
21... Qf6 (21... Be6 $6 22. Qg3 {/\ Nf4}) (21... Nd5 $6 22. Qg3 Qf6 (22... Kh6
23. c4 $16 {/\ Rd4}) (22... Qc7 23. Qg5 Rh8 24. c4 $16) 23. Rxh5 Qxb2 (23... f4
24. Qg5) 24. Rf1 Qf6 25. Rg5 $16 {/\ h4-h5}) 22. Qg3 Kf7 (22... Rh8 23. Nf4 Kf7
24. Re1 {/\ Ng6; /\ c4-c5}) 23. Rd4 Be6 {/\} 24. Qc7+ Qe7 25. Qxe7+ Kxe7 26.
Nf4 Kf7 $14) 21. c4 Ne7 {>< Ne7} (21... Nb4 22. Bxg6 (22. Bb1 f5 {[%csl Ra1,
Rb1]}) (22. Rd4 $16) 22... Kxg6 23. Rxh5 Rg8 (23... Kxh5 24. Nf4+ Kh6 25. Ne6+
Kg6 26. Nxd8 Rxd8 27. Qc3 $36 {/+/-}) 24. Ng3 $36 {[%csl Ra8,Rb4] /+/- when in
fact it is very difficult to play with the black pieces}) 22. Rd4 Qc7 (22...
Qe8 $5 {Lutz} 23. Qc3 $16) 23. Qe3 c5 {>< d5} (23... Nf5 24. Bxf5 Bxf5 25. Ng3
Qe5 26. Nxf5+ (26. Qd2 $5 $16) 26... Qxf5 27. Rad1 $16) 24. Re4 Nf5 25. Qf3 {
/\ Nf4, Rae1} Nd6 (25... b6 26. Nf4 $1 $16 Bb7 27. Nxh5+ Kh6 {the best move} (
27... Kh8 28. Nf4) (27... Kg8 28. Qg4) (27... Kh7 28. Nf4 {[%cal Gf4g6]}) 28.
Nf4 Qf7 (28... Bxe4 29. Bxe4 {[%csl Ra8,Rf5,Rg6]}) 29. Nd5 $16) 26. Re3 {
black's position is very difficult I do not know what to play for black,white;
s idea is Nf4 when he control the "e" file and his queen ,knight and bishop
are placed on very good squares} Nf5 (26... Bf5 {Lutz} 27. Nf4) 27. Re4 $6 {
taking on f5 is very strong for white as was played in the game 2 moves later,
so I do not want to play anything else} Nd6 28. Re3 Nf5 29. Bxf5 $1 Bxf5 30.
Ng3 (30. Nf4 $6 {Lutz} Rae8 31. Rxe8 Rxe8 32. Nxh5+ gxh5 33. Qxf5 Qe5 $16)
30... Bd7 (30... Bc8 31. Rae1) (30... Rae8 {Lutz} 31. Nxf5+ gxf5 32. Rxe8 Rxe8
33. Qxh5 $18) 31. Re7+ Rf7 32. Ne4 $1 {and black resigned} (32. Ne4 {since
after his only move} Qc6 {white simply plays.} (32... f5 33. Qc3+ {/\ R:f7,
Qf6+}) 33. Rxf7+ Kxf7 34. Rd1 {threatening Rd6..} Bf5 (34... Re8 35. Nd6+ $18)
(34... f5 35. Nxc5 $18) 35. Nd6+ Kg8 36. Qxc6 bxc6 37. Nxf5 gxf5 38. Rd6 $18 {
the ending does not seem pleasent at all for black}) 1-0

[Event "Bad Homburg"]
[Site "Bad Homburg"]
[Date "1997.??.??"]
[Round "5"]
[White "Svidler, Peter"]
[Black "Hickl, Joerg"]
[Result "1-0"]
[WhiteElo "2660"]
[BlackElo "2565"]
[Annotator "Har Zvi,R"]
[PlyCount "81"]
[EventDate "1997.07.26"]
[EventType "tourn"]
[EventRounds "9"]
[EventCountry "GER"]
[EventCategory "14"]
[SourceTitle "CBM 060"]
[Source "ChessBase"]
[SourceDate "1997.09.29"]
[SourceVersion "1"]
[SourceVersionDate "1997.09.29"]
[SourceQuality "1"]

1. e4 {Petursson} g6 2. d4 d6 3. Nf3 Bg7 4. Be2 Nf6 5. Nc3 O-O 6. O-O c6 7. Re1
Qc7 (7... Nbd7 8. e5 {Lutz,Ch-Svidler,P CBM 60}) 8. Bf4 (8. e5 {is another
possible move in this position}) 8... Nh5 (8... Nbd7 9. e5 Nh5 10. Bg5 dxe5 (
10... f6 11. Be3 (11. exf6 exf6 12. Be3 f5 $6 {[%csl Re6,Rg5]} (12... d5 $11)
13. d5 f4 14. Bd4 Ndf6 15. dxc6 bxc6 16. Ng5 Rb8 17. Bc4+ Kh8 18. Be6 $36 {
Dimitrov,V-Norwood,D/Wchj U20 Adelaide/1988/}) 11... dxe5 12. dxe5 fxe5 (12...
Nxe5 13. Nxe5 Qxe5 14. Bxa7 $14) 13. Ng5 $36 {/+/- Bielczyk,J-Dunnington,A/
Virton 1992 54/119}) 11. Bxe7 Re8 12. d5 Qb6 {other moves just seems to give
white the advantage,white should play 13.d6 I think,since what he played in
the game 13.dxc6 is not really white's plan} (12... Rxe7 13. d6 Qd8 14. dxe7
Qxe7 15. Ne4 Bf8 16. Bc4 Nb6 17. Bb3 Bg7 18. Ng3 $14 {/+/- Popovic,
P-Damljanovic,B Jugoslavija 1992 55/134 [ Popovic,P]} (18. Qd2 $5)) (12... Nf4
13. d6 Qb6 14. Bc4 h6 15. Ne4 Qxb2 {Balashov,Y-Pribyl,J Helsinki 1984} 16. Nfg5
$1 {Razuvaev} hxg5 17. Nxg5 Rf8 18. Bxf8 Bxf8 19. g3 Nh5 20. Bxf7+ Kg7 21. Qd3
$18) 13. dxc6 $6 bxc6 14. Ba3 e4 15. Bc4 (15. Ng5 e3) 15... Nhf6 16. Ng5 Ne5
17. Ncxe4 Bg4 $44 {Savon,V-Chernyshov,K Podolsk 1992 57/132}) 9. Bg5 (9. Be3
Nd7 (9... e5 10. Qd2 Re8 11. Rad1 Nd7 12. d5 c5 13. Nb5 Qb8 14. a4 a6 15. Nc3
Qc7 16. h3 Rb8 17. Nh2 $14 {Anand,V-Kramnik,V/Monaco rapid/ 1995}) 10. Qd2 b5
11. a3 a6 12. Rad1 Nhf6 13. Bh6 e5 $1 14. dxe5 dxe5 $13 {Andersson,U-Keene,R
Dortmund 1973}) 9... h6 10. Be3 Nf6 $6 $146 {I do not understand this idea
while white has developed his bishop to e3 black has done nothing?10...e5
seems more normal} (10... e5 11. Qd2 Kh7 12. Rad1 Nd7 13. d5 (13. g3 Re8 14.
dxe5 dxe5 15. Nh4 Nhf6 16. b4 Bf8 17. Qd3 Nb6 18. Bc5 Be6 19. Bxf8 Rxf8 20. Qe3
{Rodriguez,B-Perez,P/Las Palmas op 1991/EXT 91op/0-1 (71)}) 13... c5 14. h3 a6
15. a4 Qa5 16. Ra1 Nhf6 17. Qd3 Ne8 18. Nd2 $14 {/~~ Gallagher,J-McNab,C/
London Lloyds/ 1990}) (10... Nd7 11. Qd2 Kh7 12. a4 (12. Rad1 b5 13. e5 Nb6 14.
h3 f5 15. exf6 Nxf6 16. Bd3 Bf5 17. Nh4 e6 18. Bf4 b4 19. Nb1 Nbd5 20. Bh2 Rad8
21. c4 bxc3 {Slobodjan,R-Hickl,J/Nussloch 1996/CBM 53/1-0 (45)}) 12... e5 13.
Bc4 exd4 14. Bxd4 Ne5 15. Be2 Nf4 16. Rad1 Nxe2+ 17. Qxe2 Be6 18. b3 Qa5 19. h3
Rad8 20. Qe3 {Lalic,S-Agnos,D/BCF-ch Eastbourne 1991/EXT 91ch/1/2-1/2 (31)})
11. Qd2 Kh7 12. e5 Nd5 (12... Ng4 13. exd6 Qxd6 (13... exd6 14. Bf4 $14) 14.
Bf4 $14) 13. exd6 exd6 (13... Qxd6 14. Nxd5 cxd5 (14... Qxd5 15. Bd3 Nd7 16.
Bf4 $14) 15. Bf4 Qb6 16. Bd3 Nc6 (16... Qxb2 $4 17. Reb1 Qa3 18. Rb3 Qa4 19.
Bb5 $18) 17. c3 $16 {[%cal Gh2h4,Gh4h5]}) 14. Nxd5 cxd5 15. h3 Bf5 16. c3 $14 {
white enjoyes a very nice position,first black has double "d" pawns in the
position,indeed in certain positions this may not be very bad since black has
control over many squares in the center,but here white really wants to play on
the King's side,where black's king does not have many gaurds around him} Nd7
17. Nh4 Be6 18. Bd3 {[%cal Gb1h7] first white gets the b1-h7 diagonal} Qd8 (
18... Nf6) 19. Nf3 Nb6 $6 {it is easy to see that there are almost no pieces
around black's king so I would prefer to put my knight on f6 and playing my
"a" rook to e8 before playing Qd8,since while white has very serious ideas
about attack on the king's side black is playing something to the queen's
side?!} 20. Bf4 Qd7 21. Re2 Rae8 {so now black is doing what I wrote on move
18 and 19 for him,but he already lost a few tempi} 22. Qc2 Nc8 23. Rae1 a6 (
23... Ne7 24. Nh4 {threatening Rxe6 followed by Nxg6} Kg8 25. Qd2 $1 g5 (25...
Kh7 $142 $16) 26. Bxg5 hxg5 27. Qxg5 Rc8 28. Qh5 Rfd8 29. f4 $18) 24. Nh4 {
[%cal Gh4g6]} Kg8 25. Qd2 Kh7 (25... g5 26. Bxg5 hxg5 27. Qxg5 $18 {[%cal
Gg5h5]}) 26. Qe3 {[%cal Ge3g3,Gh4g6]} Bf6 27. Qg3 Rg8 {[%tqu "En","it is not
easy to find a continuation for white,but Svidler found a 'genius' move
creating a mass in black's position,can you find it","","","g3f3","",10]} 28.
Qf3 $1 Bg7 (28... Kh8 $8 29. Be5 $1 Bxe5 30. dxe5 Kh7 $14 {/+/-}) (28... Bxh4
29. Qh5 Rh8 30. Qxh4 Kg7 31. Qg3 $16) (28... Ne7 29. Qh5 Bg7 30. Rxe6 fxe6 31.
Nxg6 $18) 29. Qh5 Bf8 30. Nf3 {threatening 31.Ng5 and after 31...Kh8 32.Qh4
and winning the h6 pawn after Nxe6...} Rh8 $8 31. Qh4 $1 Kg7 $6 (31... Be7 $1
32. Qg3 (32. Qxh6+ $4 Kg8 {[%csl Rh6]}) 32... Bf6 (32... Rhg8)) 32. Qg3 $1 {
now it seems black's position is defenceless} Rg8 (32... Re7 33. Nh4 $1 Rg8 34.
Bxg6 fxg6 (34... Kh8 35. Qd3 fxg6 36. Nxg6+ Rxg6 37. Qxg6 Bf5 38. Rxe7 Qxe7 39.
Rxe7 Bxg6 40. Rxb7 $18) 35. Qxg6+ Kh8 36. Bxh6 Rxg6 37. Nxg6+ Kg8 38. Nxf8 Qa4
39. b3 $18) {[%tqu "En","it seems like both players are moving around,but the
truth is that white is improving his position,now he has a nice winning move
which was played in the game van you find it","","","d3f5","",6]} 33. Bf5 $1
$18 Re7 (33... Bxf5 34. Rxe8 Be4 35. Qh4 (35. R1xe4 dxe4 36. Rxe4) 35... g5 36.
Bxg5 hxg5 37. Qxg5+ Kh8 38. Qh4+ Kg7 39. Rd8) 34. Bxe6 Rxe6 (34... fxe6 35. Qg4
$1 Kf7 (35... h5 36. Qg3 {[%cal Gf3h4,Gf4g5] when black will not be able to
save both the g6 and e6 pawns and with it the game}) 36. Be5 $1 $18 {[%cal
Gg4f4,Ge5f6]} Bg7 37. Qf4+ Ke8 38. Bxg7 Rgxg7 39. Qxh6) 35. Rxe6 fxe6 36. Bxh6+
$1 (36. Qh4 {Petursson} h5 (36... Rh8 37. Ne5 dxe5 (37... Qe7 38. Qg3) 38.
Bxe5+ Kh7 39. Bxh8 Kxh8 40. Qf6+ Qg7 41. Qxe6 Qe7 42. Qxe7 Nxe7 43. Re6 $18)
37. Ng5 Be7 $1 $16) 36... Kxh6 37. Qh4+ Kg7 38. Ng5 Rh8 (38... Be7 39. Qh7+ Kf6
40. Qxg8 Kxg5 41. Rxe6) 39. Nxe6+ Qxe6 (39... Kg8 40. Nxf8 Qf7 41. Qd8) 40.
Qxh8+ Kxh8 41. Rxe6 {[%cal Ge6e8,Ge6g6]} (41. Rxe6 {Petursson BLACK RESIGNED.
The end could be:} Kg7 42. Re8 Ne7 43. Rb8 b5 44. Rb6 Kf7 45. Rxa6 $18) 1-0

[Event "Bad Homburg"]
[Site "Bad Homburg"]
[Date "1997.07.31"]
[Round "6"]
[White "Svidler, Peter"]
[Black "Gabriel, Christian"]
[Result "1-0"]
[WhiteElo "2660"]
[BlackElo "2575"]
[PlyCount "95"]
[EventDate "1997.07.26"]
[EventType "tourn"]
[EventRounds "9"]
[EventCountry "GER"]
[EventCategory "14"]
[SourceTitle "CBM 060"]
[Source "ChessBase"]
[SourceDate "1997.09.29"]
[SourceVersion "1"]
[SourceVersionDate "1997.09.29"]
[SourceQuality "1"]

1. e4 e5 2. Nf3 Nc6 3. Bb5 a6 4. Ba4 Nf6 5. O-O Be7 6. Re1 b5 7. Bb3 d6 8. c3
O-O 9. h3 Nb8 10. d4 Nbd7 11. Nbd2 Bb7 12. Bc2 Re8 13. a4 Bf8 14. Bd3 c6 15.
Nf1 g6 16. Ng3 Bg7 17. Bg5 Qc7 18. Qd2 Nf8 19. Red1 Ne6 20. Be3 Red8 21. Qc2
Nd7 22. Bf1 Rac8 23. Rd2 Nb6 24. b3 Nd7 25. Rc1 Qb8 26. Qd1 Ndf8 27. b4 Ba8 28.
Qb3 Nd7 29. Rcd1 Qc7 30. c4 bxa4 31. Qxa4 Bb7 32. d5 cxd5 33. cxd5 Nef8 34. Ra2
Nb8 35. Nd2 f5 36. exf5 Bxd5 37. Nde4 Bxe4 38. Nxe4 gxf5 39. Qb3+ d5 40. Rxd5
Qf7 41. Nc5 Rxd5 42. Bc4 Kh8 43. Bxd5 Qg6 44. Bb7 Rc7 45. Bxa6 f4 46. Bd3 Qb6
47. Na4 Qc6 48. Rc2 1-0

[Event "Tilburg Fontys"]
[Site "Tilburg"]
[Date "1997.09.28"]
[Round "2"]
[White "Piket, Jeroen"]
[Black "Svidler, Peter"]
[Result "0-1"]
[WhiteElo "2630"]
[BlackElo "2660"]
[Annotator "Huzman,A"]
[PlyCount "75"]
[EventDate "1997.09.27"]
[EventType "tourn"]
[EventRounds "11"]
[EventCountry "NED"]
[EventCategory "17"]
[SourceTitle "CBM 061"]
[Source "ChessBase"]
[SourceDate "1997.11.23"]
[SourceVersion "1"]
[SourceVersionDate "1997.11.23"]
[SourceQuality "1"]

{[%mdl 2120]} 1. d4 d5 2. Nf3 e6 3. c4 dxc4 4. e3 Nf6 5. Bxc4 c5 6. O-O a6 7.
Bd3 Nbd7 8. Re1 Be7 9. e4 cxd4 10. e5 Nd5 11. Bc4 Nc5 12. Nxd4 O-O 13. b3 (13.
a3 b5 14. Nc6 Qc7 15. Bxd5 exd5 16. Nd4 Ne6 17. Nc3 Bb7 18. Qg4 Nxd4 19. Qxd4
Bc5 20. Qf4 Rfe8 21. Bd2 d4 22. Ne4 Qxe5 23. Qxe5 Rxe5 24. Nxc5 Rxc5 25. Rac1
Rxc1 26. Rxc1 Bd5 27. Rc7 Bc4 {Gelfand,B-Salov,V/Dos Hermanas 1995/CBM 47/1/
2-1/2 (42)}) 13... Nb6 $146 (13... Qd7 14. Bxd5 Qxd5 15. Nc3 Qd8 16. Be3 Qa5
17. Qc2 Nd7 18. Bf4 Rd8 19. a3 Qc5 20. Red1 Nf8 21. Qd2 b5 22. Ne4 Qd5 23. Bg5
Ng6 24. Bxe7 Nxe7 25. Qg5 Ng6 26. Nc3 h6 27. Qxg6 fxg6 28. Nxd5 {Gelfand,
B-Lautier,J/Belgrade Invest 1995/CBM 51/[Gelfand]/1-0 (82)}) 14. Bf1 Qd7 {
[%cal Yf8d8,Yb6d5,Yb7b5]} 15. Bb2 (15. Qg4 $2 {[%cal Gc1h6]} f5 $1 16. exf6
Bxf6 17. Bb2 Rd8 $17) 15... Nd5 16. Nd2 b5 17. Rc1 (17. Qg4 $5 Bb7 18. N2f3
Rac8 19. h4 $36) 17... Bb7 18. Qg4 Rac8 19. N2f3 Qd8 {[%cal Yd8b6]} 20. h4 Qb6
21. a3 {[%csl Gd3,Ge4][%cal Gb3b4,Gf1d3,Gd3h7,Gg4e4] /\22.b4,getting important
for attack squares d3,e4.} (21. h5 Rfd8 (21... h6 {[%cal Yc5d3,Yd5c3,Yd5e3] It
is difficult to say how white can improve their attack,because good placed
knights of black controll important squares c3,d3,e3.}) 22. h6 g6) 21... b4 {
[%csl Rc4]} (21... Rfd8 22. b4 Na4 23. Ba1 Nac3 24. Bd3 h6 $36 {[%cal Ya6a5]})
22. axb4 (22. a4 {[%cal Gf1c4]}) 22... Nxb4 {[%cal Yb4d3]} 23. Rcd1 $2 (23.
Red1 Bd5 {[%csl Rb3]} (23... Bxf3 $5 24. gxf3 $13 {[%cal Gf1c4]} (24. Nxf3 Nxb3
) (24. Qxf3 Bxh4)) 24. Bc4 Bxc4 25. Rxc4 Ncd3 $36) 23... Nc2 $1 {[%csl Rb3]}
24. Nxc2 (24. Re2 Nxd4 (24... Bxf3 25. Qxf3 Nxd4 26. Bxd4 Qxb3 (26... Bxh4 27.
Rc2 $44) 27. Re3 Qb4 28. Qg4 {[%cal Ge3g3]}) 25. Nxd4 Nxb3 26. Nxb3 Qxb3 27.
Rd7 Rfe8 $17) 24... Qxb3 25. Nfd4 (25. Ba3 Qxc2 26. Nd4 Qa2 (26... Qc3 27. Re3
Qa5 28. Rg3 g6 29. h5 $132) (26... Qg6 27. Qxg6 hxg6 28. Rb1 Rc7 29. Rec1 $132)
27. Ra1 Qd5 28. Rad1 Rfd8 $17) 25... Qxb2 $19 26. Ne3 {[%cal Ge3f5]} f5 $1 {
This move stops counterplay of white.} 27. exf6 Rxf6 {[%cal Yb2f2]} 28. Re2 Qa3
29. h5 Rcf8 30. Rc2 Kh8 (30... Rf4 $5 31. Qh3 Rh4 32. Qg3 Bf6 $19) 31. Nc4 Qa4
32. Qg3 Rf4 $1 {[%cal Ye7h4]} 33. h6 gxh6 34. Nb6 Qb4 35. Nd7 Bh4 36. Qe3 Re4
$2 (36... Nxd7 37. Nxe6 Re4 $19 38. Qxh6 Rf7 $19) 37. Qxh6 (37. Nc6 $1 Bxc6 38.
Qxc5 $17) 37... Nxd7 38. Nxe6 {Time} (38. Nf5 Rf7 39. Nd6 Rf6 $19) 0-1

[Event "WchT 4th"]
[Site "Luzern"]
[Date "1997.10.28"]
[Round "4.1"]
[White "Short, Nigel D"]
[Black "Svidler, Peter"]
[Result "1/2-1/2"]
[WhiteElo "2660"]
[BlackElo "2660"]
[PlyCount "22"]
[EventDate "1997.10.25"]
[EventType "team-tourn"]
[EventRounds "9"]
[EventCountry "SUI"]
[SourceTitle "CBM 062"]
[Source "ChessBase"]
[SourceDate "1998.01.31"]
[SourceVersion "1"]
[SourceVersionDate "1998.01.31"]
[SourceQuality "1"]
[WhiteTeam "England"]
[BlackTeam "Russia"]
[WhiteTeamCountry "ENG"]
[BlackTeamCountry "RUS"]

1. e4 g6 2. d4 Bg7 3. c3 d6 4. Bg5 Nf6 5. Nd2 O-O 6. Ngf3 c5 7. h3 cxd4 8. cxd4
Qb6 9. Nc4 Qd8 10. Ncd2 Qb6 11. Nc4 Qd8 1/2-1/2

[Event "FIDE-Wch k.o."]
[Site "Groningen"]
[Date "1997.12.14"]
[Round "3.1"]
[White "Svidler, Peter"]
[Black "Epishin, Vladimir"]
[Result "1-0"]
[WhiteElo "2660"]
[BlackElo "2570"]
[Annotator "Epishin,V"]
[PlyCount "87"]
[EventDate "1997.12.09"]
[EventType "k.o."]
[EventRounds "7"]
[EventCountry "NED"]
[SourceTitle "CBM 063"]
[Source "ChessBase"]
[SourceDate "1998.03.26"]
[SourceVersion "1"]
[SourceVersionDate "1998.03.26"]
[SourceQuality "1"]

1. e4 c6 2. d4 d5 3. e5 Bf5 4. Nf3 e6 5. Be2 c5 6. Be3 cxd4 7. Nxd4 Ne7 8. Bg5
Qa5+ 9. Nc3 Bg6 10. O-O a6 $1 $146 11. h4 $1 h5 (11... h6 12. Bxe7 Bxe7 13.
Nxe6 $5 fxe6 14. Bh5 Bf7 (14... Bxh5 15. Qxh5+ Kd7 (15... Kf8 16. Ne2 $16) 16.
Nxd5 $1 exd5 17. c4 $1 Nc6 18. cxd5 $40) 15. Bxf7+ Kxf7 16. Ne2 $1 Rc8 17. Nf4
Kg8 18. Nxe6 Nc6 19. Qg4 Bf8 20. f4 $36) 12. Bd3 Bxd3 13. cxd3 Nbc6 14. Nf3 Ng6
$1 (14... Nf5 15. d4 Be7 16. g3 Bxg5 17. hxg5 $14) 15. d4 Be7 16. Bxe7 Ngxe7
17. a3 Nf5 18. g3 $2 (18. Ne2 Qb6 19. b4 $11) 18... Qb6 19. Na4 Qa7 20. Nc5
Nfxd4 21. Rc1 Nxf3+ 22. Qxf3 Ne7 $6 (22... Rc8 23. b4 Ne7 24. Nd3 Rc4 25. Nb2
Rc6 $15) 23. Rc3 Rc8 24. Rfc1 Rc6 $6 (24... Qb8 $5 25. Qe2 Rc6 26. b4 b5 27. a4
d4 $132) 25. b4 Qb6 $2 26. Qf4 Qc7 27. a4 Ng6 28. Qd2 Qxe5 (28... Nxe5 29. b5
axb5 30. axb5 Rxc5 31. Rxc5 Nf3+ 32. Kg2 Qxc5 33. Rxc5 Nxd2 34. Rc8+ Ke7 35.
Rxh8 Nc4 $16) 29. b5 axb5 30. axb5 Rb6 (30... Rxc5 31. Rxc5 O-O 32. Rc8 Rxc8
33. Rxc8+ Kh7 34. b6 f5 $44) (30... Rd6 31. Nxb7 Rb6 32. Rc8+ Ke7 33. R8c7+ Kf6
34. R1c3 $18) 31. Nd3 Qd6 32. Rc8+ Kd7 33. R1c7+ $18 Qxc7 34. Rxc7+ Kxc7 35.
Qc3+ Kd7 36. Nc5+ Kd6 37. Nxb7+ Kd7 38. Qc5 Rxb7 39. Qc6+ Ke7 40. Qxb7+ Kf6 41.
b6 d4 42. Qc7 d3 43. Kf1 Ne5 44. b7 1-0